000 00644nam a2200181 i 4500
001 26711
003 ES-MaACL
005 20230906153504.0
007 t|
008 030110s1914 sp |||| | spa d
245 0 0 _aAsamblea Nacional de Protección a la Infancia y Represión de la Mendicidad
_b: 13 a 18 abril, 1914.
260 _aMadrid :
_b[s.n.,
_c1914] (
_fAsilo de Huérfanos Corazón de Jesús)
300 _a468 p. ;
_c24 cm.
500 _aPrecede al tít.: Ministerio de la Gobernación.
650 4 _aProtección de menores-
_zEspaña.
_9153120
710 1 _aEspaña.
_bMinisterio de Gobernación.
_93872
852 _aES-MaACL
_jF-5669
999 _c26711
_d26711